Andělé v bílých pláštích. Temné časy /
V dalším díle romantické lékařské série německé autorky sledujeme hrdinky a jejich lásky na samém počátku 2. světové války.
Uloženo v:
| Série: | Andělé v bílých pláštích,
část 3 |
|---|---|
| Hlavní autor: | |
| Další autoři: | |
| Médium: | E-kniha |
| Jazyk: | Czech |
| Vydáno: |
Praha :
Ikar,
2025
|
| Vydání: | Vydání první |
| Témata: | |
| Příbuzné jednotky: | Z cyklu::
Andělé v bílých pláštích |
| Tagy: |
Žádné tagy |
| LEADER | 02605nam a2200469 i 4500 | ||
|---|---|---|---|
| 001 | 302422 | ||
| 003 | CZ PrSKC | ||
| 005 | 20260512063242.0 | ||
| 007 | ta | ||
| 008 | 250515s2025 xr g 000 f cze | ||
| 015 | |a cnb003663581 | ||
| 020 | |a 9788024956985 |q (vázáno) | ||
| 035 | |a (OCoLC)1527576860 | ||
| 040 | |a ABG001 |b cze |e rda | ||
| 041 | 1 | |a cze |h ger | |
| 072 | 7 | |a 821.112.2-3 |x Německá próza, německy psaná |2 Konspekt | |
| 080 | |a 821.112.2-31 |2 MRF | ||
| 080 | |a (0:82-31)-055.2 |2 MRF | ||
| 100 | 1 | |a Bomann, Corina, |d 1974- |7 xx0182405 |4 aut | |
| 240 | 1 | 0 | |a Sturmtage. |l Česky |
| 245 | 1 | 0 | |a Andělé v bílých pláštích. |p Temné časy / |c Corina Bomannová ; z německého originálu Die Schwestern vom Waldfriede - Sturmtage ... přeložila Zuzana Soukupová |
| 246 | 3 | 0 | |a Temné časy |
| 250 | |a Vydání první | ||
| 264 | 1 | |a Praha : |b Ikar, |c 2025 | |
| 300 | |a 486 stran ; |c 24 cm | ||
| 336 | |a text |b txt |2 rdacontent | ||
| 337 | |a bez média |b n |2 rdamedia | ||
| 338 | |a svazek |b nc |2 rdacarrier | ||
| 520 | 2 | |a V dalším díle romantické lékařské série německé autorky sledujeme hrdinky a jejich lásky na samém počátku 2. světové války. |b Berlín - Zehlendorf 1939. Od počátku války musí stát sestry a lékaři v nemocnici Waldfriede při sobě. Mladá sebevědomá lékařka se ale jen stěží vypořádává s názory svého šéflékaře na chirurgii, přesvědčeného člena NSDAP. Útěchu nachází u sympatického zahradníka Tima. Z jejich počátečního přátelství se rychle vyvine hluboký vztah, mladou lásku ale přeruší Timův povolávací rozkaz na frontu. Třetí díl úspěšné ságy Andělé v bílých pláštích. Nakladatelská anotace. | |
| 655 | 7 | |a německé romány |7 fd132945 |2 czenas | |
| 655 | 7 | |a romány pro ženy |7 fd187897 |2 czenas | |
| 655 | 9 | |a German fiction |2 eczenas | |
| 655 | 9 | |a women's novels |2 eczenas | |
| 700 | 1 | |a Soukupová, Zuzana, |d 1949- |7 jk01120576 |4 trl | |
| 765 | 1 | |t Schwestern vom Waldfriede | |
| 787 | 0 | 8 | |i Z cyklu: |t Andělé v bílých pláštích |g 3 |w (CZ-CtDS)b69bf7db-1481-5e39-a6dc-538a7503ce1c |
| 900 | |a ABA001 |b 21 | ||
| 928 | 9 | |a Euromedia Group - Ikar | |
| 044 | |a xr | ||
| 910 | |a RBIT002 | ||
| 998 | |d 418254 |a https://core.palmknihy.cz/api/books/418254/cover?sucdr1 |b https://core.palmknihy.cz/api/books/418254/cover/400?sucdr1 |c https://core.palmknihy.cz/api/books/418254/cover/50?sucdr1 |e 2029-06-06 |g 488 |i 9788024956985 |j https://core.palmknihy.cz/api/books/418254/preview.epub |l |q 49 |r 1 |s https://www.palmknihy.cz/kniha/418254 |t ebook |y 2025 |z 0 |v Andělé v bílých pláštích |w 3 | ||
| 999 | |d 302420 | ||